[Event "91st YMCA Spring 2011-C"]
[Site "Warszawa"]
[Date "2011.04.20"]
[Round "8"]
[White "Kwiek, Janusz"]
[Black "Wyszomirski, Krzysztof"]
[Result "1/2-1/2"]
[WhiteElo "1755"]
[BlackElo "1728"]
[PlyCount "90"]
[EventDate "2011.04.06"]
[EventType "tourn"]
[EventRounds "1"]
[EventCountry "POL"]
[SourceDate "2011.04.06"]

1. Nf3 c5 2. c4 Nf6 3. Nc3 d5 4. cxd5 Nxd5 5. g3 e6 6. Bg2 Bd7 7. Ne5 Bc6 8.
Nxc6 Nxc6 9. Qb3 Nd4 10. Qa4+ Qd7 11. Qxd7+ Kxd7 12. Rb1 Kd6 13. e3 Nc2+ 14.
Ke2 Ncb4 15. a3 Nc6 16. Nxd5 exd5 17. b4 c4 18. Bb2 Ne5 19. Bxe5+ Kxe5 20. a4
Be7 21. Rhc1 Rac8 22. f4+ Kd6 23. e4 dxe4 24. Bxe4 Rc7 25. d3 cxd3+ 26. Kxd3
Rhc8 27. Rxc7 Rxc7 28. Bxh7 g6 29. f5 g5 30. f6 Bxf6 31. Be4 Rc3+ 32. Kd2 b6
33. Rf1 Be5 34. Rxf7 Rc7 35. Rxc7 Kxc7 36. Kd3 Kd6 37. Kc4 a5 38. bxa5 bxa5 39.
Kb5 Bc3 40. h4 gxh4 41. gxh4 Bd2 42. h5 Ke5 43. Bc2 Kf6 44. h6 Bxh6 45. Kxa5
Bd2+ 1/2-1/2

[Event "91st YMCA Spring 2011-C"]
[Site "Warszawa"]
[Date "2011.05.19"]
[Round "8"]
[White "Krzyzanowski, Antoni"]
[Black "Major, Boguslaw"]
[Result "1-0"]
[WhiteElo "1793"]
[BlackElo "1811"]
[PlyCount "45"]
[EventDate "2011.04.06"]
[EventType "tourn"]
[EventRounds "1"]
[EventCountry "POL"]
[SourceDate "2011.04.06"]

1. d4 d5 2. c4 dxc4 3. Nf3 Nf6 4. e3 a6 5. Bxc4 e6 6. O-O Nbd7 7. Nc3 c5 8. e4
b5 9. d5 bxc4 10. dxe6 fxe6 11. Ng5 Qb6 12. f4 h6 13. e5 hxg5 14. exf6 Nxf6 15.
fxg5 Bd6 16. h3 Bb7 17. gxf6 Qc6 18. Qg4 O-O-O 19. fxg7 Rh4 20. g8=Q Rxg8 21.
Qxg8+ Kd7 22. Rf7+ Be7 23. Rxe7+ 1-0

[Event "91st YMCA Spring 2011-C"]
[Site "Warszawa"]
[Date "2011.04.08"]
[Round "8"]
[White "Koziol, Pawel"]
[Black "Palka, Dominika"]
[Result "0-1"]
[WhiteElo "1814"]
[BlackElo "1766"]
[PlyCount "70"]
[EventDate "2011.04.06"]
[EventType "tourn"]
[EventRounds "1"]
[EventCountry "POL"]
[SourceDate "2011.04.06"]

1. e4 e5 2. Nf3 Nc6 3. Bb5 a6 4. Bxc6 dxc6 5. O-O Qf6 6. d3 Bg4 7. Nbd2 Ne7 8.
h3 Bd7 9. Nc4 Ng6 10. d4 exd4 11. e5 Qe6 12. Qxd4 c5 13. Qc3 Bb5 14. b3 O-O-O
15. Re1 Be7 16. a4 Bc6 17. Qe3 Qf5 18. Ncd2 Qxc2 19. Ba3 Rd3 20. Rac1 Rxe3 21.
Rxc2 Rxe1+ 22. Nxe1 Rd8 23. Nef3 Rd5 24. Nc4 Rd1+ 25. Kh2 Bxf3 26. gxf3 Bg5 27.
h4 Bf4+ 28. Kh3 Rh1+ 29. Kg2 Rh2+ 30. Kf1 Nxh4 31. Bxc5 Nxf3 32. Re2 Rh5 33.
Bf8 Rg5 34. Re4 Bxe5 35. Nxe5 Nd2+ 0-1

[Event "91st YMCA Spring 2011-C"]
[Site "Warszawa"]
[Date "2011.05.20"]
[Round "8"]
[White "Duda, Ryszard"]
[Black "Jarmolowski, Tadeusz"]
[Result "0-1"]
[WhiteElo "1769"]
[BlackElo "1723"]
[PlyCount "48"]
[EventDate "2011.04.06"]
[EventType "tourn"]
[EventRounds "1"]
[EventCountry "POL"]
[SourceDate "2011.04.06"]

1. d4 Nf6 2. c4 e6 3. Bg5 h6 4. Bh4 b6 5. Nc3 Bb4 6. e3 Bb7 7. Nf3 O-O 8. Bd3
d5 9. O-O Bxc3 10. bxc3 Nbd7 11. Ne5 g5 12. Nxd7 Qxd7 13. Bg3 Ne4 14. Qh5 Kg7
15. cxd5 exd5 16. c4 dxc4 17. Bxc4 Qc6 18. Qh3 Qxc4 19. Rfc1 Qd5 20. Be5+ Kg6
21. Rxc7 f6 22. g4 Rf7 23. Bg3 Nxg3 24. hxg3 Rxc7 0-1

[Event "91st YMCA Spring 2011-C"]
[Site "Warszawa"]
[Date "2011.05.06"]
[Round "8"]
[White "Pastuszko, Kinga"]
[Black "Szukalski, Antoni"]
[Result "1-0"]
[WhiteElo "1804"]
[BlackElo "1815"]
[PlyCount "43"]
[EventDate "2011.04.06"]
[EventType "tourn"]
[EventRounds "1"]
[EventCountry "POL"]
[SourceDate "2011.04.06"]

1. e4 c6 2. d4 d5 3. exd5 cxd5 4. Bd3 Nc6 5. c3 Nf6 6. a3 e6 7. Nf3 Qc7 8. O-O
h6 9. Re1 Bd6 10. Qe2 Nd7 11. a4 a5 12. Na3 Bxa3 13. Rxa3 O-O 14. Ne5 Ncxe5 15.
dxe5 f5 16. c4 dxc4 17. Bxc4 Nxe5 18. Qxe5 Qxc4 19. Rg3 Rf7 20. Bxh6 Qc7 21.
Bxg7 Rxg7 22. Qxc7 1-0

[Event "91st YMCA Spring 2011-C"]
[Site "Warszawa"]
[Date "2011.05.26"]
[Round "8"]
[White "Wrabel, Antoni"]
[Black "Kowalik, Pawel"]
[Result "1/2-1/2"]
[WhiteElo "1751"]
[BlackElo "1735"]
[Annotator "M"]
[PlyCount "35"]
[EventDate "2011.04.06"]
[EventType "tourn"]
[EventRounds "1"]
[EventCountry "POL"]
[SourceDate "2011.04.06"]

1. e4 e5 2. Nf3 Nc6 3. Bb5 a6 4. Ba4 Nf6 5. Qe2 b5 6. Bb3 Be7 7. O-O O-O 8. c3
d6 9. a3 Na5 10. Ba2 c5 11. d3 Bb7 12. Nbd2 Rb8 13. Re1 Qc7 14. Nf1 c4 15. Ng3
Bc8 16. h3 Be6 17. d4 g6 18. Bh6 $11 1/2-1/2

[Event "91st YMCA Spring 2011-C"]
[Site "Warszawa"]
[Date "2011.05.25"]
[Round "8"]
[White "Wilczynski, Adam"]
[Black "Wroblewski, Szymon"]
[Result "1/2-1/2"]
[WhiteElo "1768"]
[BlackElo "1831"]
[PlyCount "110"]
[EventDate "2011.04.06"]
[EventType "tourn"]
[EventRounds "1"]
[EventCountry "POL"]
[SourceDate "2011.04.06"]

1. c4 e5 2. g3 Nf6 3. Bg2 d5 4. cxd5 Nxd5 5. Nf3 Nc6 6. O-O Be7 7. d4 e4 8. Ne5
Nxe5 9. dxe5 Bf5 10. Qb3 c6 11. Nd2 e3 12. fxe3 Be6 13. Ne4 Rb8 14. Nd6+ Bxd6
15. exd6 Qxd6 16. e4 Qc5+ 17. Kh1 Nf4 18. Be3 Qa5 19. Qc2 Nxg2 20. Kxg2 O-O 21.
Bc5 Rfd8 22. b4 Qb5 23. Rfc1 b6 24. a4 Qa6 25. Be3 c5 26. bxc5 bxc5 27. Kf2 c4
28. Bf4 Rb3 29. a5 Qb5 30. Rcb1 Qc5+ 31. Kg2 Rxb1 32. Qxb1 g5 33. Bc1 c3 34.
Qc2 Qd4 35. Bxg5 Rb8 36. Rd1 Bb3 37. Rxd4 Bxc2 38. Rc4 Kg7 39. Be3 Kg6 40. Bxa7
Ra8 41. Bb6 Bb1 42. Rxc3 Bxe4+ 43. Kf2 Bb7 44. Rc7 Ba6 45. Ra7 Rxa7 46. Bxa7
Kf5 47. Bb8 Ke4 48. h4 h5 49. Bc7 f5 50. Ke1 Kd4 51. Kd2 Kc4 52. Ke3 Kd5 53.
Kf3 Kd4 54. Kf4 Bxe2 55. Kxf5 Kc5 1/2-1/2

[Event "91st YMCA Spring 2011-C"]
[Site "Warszawa"]
[Date "2011.06.09"]
[Round "9"]
[White "Wroblewski, Szymon"]
[Black "Kwiek, Janusz"]
[Result "1-0"]
[WhiteElo "1831"]
[BlackElo "1755"]
[PlyCount "59"]
[EventDate "2011.04.06"]
[EventType "tourn"]
[EventRounds "1"]
[EventCountry "POL"]
[SourceDate "2011.04.06"]

1. e4 c5 2. Nf3 Nc6 3. d4 cxd4 4. Nxd4 e5 5. Nb5 d6 6. N1c3 a6 7. Na3 b5 8. Nd5
Nf6 9. Bg5 Be7 10. Bxf6 Bxf6 11. c3 O-O 12. Nc2 Bg5 13. Nce3 Ne7 14. Bd3 Nxd5
15. Nxd5 f5 16. exf5 Bxf5 17. Bxf5 Rxf5 18. h4 Bxh4 19. Qg4 Bxf2+ 20. Ke2 Rf7
21. Raf1 Qf8 22. Qe6 Re8 23. Qh3 h6 24. g4 Re6 25. g5 Rg6 26. gxh6 Rxh6 27. Qd3
e4 28. Qxe4 Re6 29. Qxe6 Bc5 30. Rxf7 1-0

[Event "91st YMCA Spring 2011-C"]
[Site "Warszawa"]
[Date "2011.06.03"]
[Round "9"]
[White "Kowalik, Pawel"]
[Black "Wilczynski, Adam"]
[Result "1/2-1/2"]
[WhiteElo "1735"]
[BlackElo "1768"]
[Annotator "M"]
[PlyCount "127"]
[EventDate "2011.04.06"]
[EventType "tourn"]
[EventRounds "1"]
[EventCountry "POL"]
[SourceDate "2011.04.06"]

1. c4 e5 2. Nc3 Nf6 3. Nf3 Nc6 4. g3 Bb4 5. Bg2 O-O 6. O-O e4 7. Ng5 Bxc3 8.
dxc3 Qe7 9. Be3 d6 10. Bd4 Nxd4 11. cxd4 h6 12. Nh3 c6 13. f3 Bf5 14. Nf4 d5
15. cxd5 cxd5 16. Qb3 Qd7 17. fxe4 Bxe4 18. Nd3 Bxg2 19. Kxg2 Qg4 20. Nf4 Qd7
21. h3 Rfe8 22. Qf3 Ne4 23. Qh5 Nf6 24. Qf3 Re4 25. e3 Rae8 26. Rfe1 Qe7 27.
Kf2 Qd6 28. Nd3 R4e6 29. Ne5 Ne4+ 30. Kg1 Rf6 31. Qg4 Rf2 32. Rf1 Rxf1+ 33.
Rxf1 f6 34. Qg6 Re7 35. Nd3 Qxg3+ 36. Qxg3 Nxg3 37. Rf3 Ne4 38. Rf5 Rd7 39. Nf4
Kf7 40. Rxd5 Rxd5 41. Nxd5 Ke6 42. Nf4+ Kf5 43. Kg2 g5 44. Nd5 Ke6 45. Nc3 Nxc3
46. bxc3 Kd5 47. Kf3 f5 48. Ke2 b5 49. Kd3 h5 50. Ke2 Ke4 51. Kf2 h4 52. Kg2 a5
53. a3 a4 54. Kf2 g4 55. hxg4 fxg4 56. Kg2 Kd5 57. Kf2 Ke4 58. Kg2 Kf5 59. d5
Ke5 60. e4 Kd6 61. Kh2 Ke5 62. Kg2 Kd6 63. Kf2 Ke5 64. Kg2 $11 1/2-1/2

[Event "91st YMCA Spring 2011-C"]
[Site "Warszawa"]
[Date "2011.06.07"]
[Round "9"]
[White "Szukalski, Antoni"]
[Black "Wrabel, Antoni"]
[Result "1-0"]
[WhiteElo "1815"]
[BlackElo "1751"]
[PlyCount "93"]
[EventDate "2011.04.06"]
[EventType "tourn"]
[EventRounds "1"]
[EventCountry "POL"]
[SourceDate "2011.04.06"]

1. e4 e5 2. Nf3 Nc6 3. d4 exd4 4. Nxd4 Bb4+ 5. c3 Bc5 6. Bc4 Qf6 7. Be3 Bb6 8.
O-O Ne5 9. Be2 Ng6 10. Na3 c6 11. f4 d6 12. Qd2 Qe7 13. Nc4 Bc7 14. f5 Ne5 15.
Nxe5 Qxe5 16. Bd3 Nf6 17. Bf4 Qe7 18. Rae1 O-O 19. Re2 Bd7 20. Rfe1 Ng4 21. h3
Ne5 22. Bb1 Rad8 23. Kh2 c5 24. Nf3 Bb5 25. Rf2 Bb6 26. b3 c4 27. Nd4 Ba6 28.
Re3 cxb3 29. axb3 Nc6 30. Rg3 Nxd4 31. cxd4 Qf6 32. Be3 Kh8 33. Rgf3 h6 34. g4
Rde8 35. g5 hxg5 36. Rg2 Qe7 37. Rxg5 g6 38. f6 Qe6 39. Qf2 Bd8 40. e5 dxe5 41.
Qh4+ Kg8 42. dxe5 Qxb3 43. Bxg6 fxg6 44. Rxg6+ Kf7 45. Rg7+ Ke6 46. Qg4+ Kd5
47. Qd4+ 1-0

[Event "91st YMCA Spring 2011-C"]
[Site "Warszawa"]
[Date "2011.06.01"]
[Round "9"]
[White "Jarmolowski, Tadeusz"]
[Black "Pastuszko, Kinga"]
[Result "0-1"]
[WhiteElo "1723"]
[BlackElo "1804"]
[PlyCount "52"]
[EventDate "2011.04.06"]
[EventType "tourn"]
[EventRounds "1"]
[EventCountry "POL"]
[SourceDate "2011.04.06"]

1. e4 e5 2. f4 exf4 3. Nf3 d5 4. exd5 Nf6 5. Bb5+ c6 6. dxc6 Nxc6 7. d4 Bd6 8.
Qe2+ Be6 9. Nc3 O-O 10. Bxc6 bxc6 11. O-O Re8 12. Qd3 Qc7 13. Bd2 Rad8 14. Rae1
g6 15. Ne2 Bf5 16. Qc4 Nd5 17. c3 Rb8 18. b4 Ne3 19. Bxe3 Rxe3 20. Nc1 Be6 21.
Qa6 Rxc3 22. Rxe6 fxe6 23. a3 Qb6 24. Qe2 Re3 25. Qc4 Qb5 26. Qa2 Qd5 0-1

[Event "91st YMCA Spring 2011-C"]
[Site "Warszawa"]
[Date "2011.06.01"]
[Round "9"]
[White "Palka, Dominika"]
[Black "Duda, Ryszard"]
[Result "1/2-1/2"]
[WhiteElo "1766"]
[BlackElo "1769"]
[PlyCount "65"]
[EventDate "2011.04.06"]
[EventType "tourn"]
[EventRounds "1"]
[EventCountry "POL"]
[SourceDate "2011.04.06"]

1. d4 Nf6 2. c4 e6 3. Nc3 d5 4. cxd5 Nxd5 5. e4 Nxc3 6. bxc3 c5 7. d5 exd5 8.
exd5 Bd6 9. Nf3 O-O 10. Be2 Nd7 11. O-O Ne5 12. Ng5 Ng6 13. Ne4 Bxh2+ 14. Kxh2
Qh4+ 15. Kg1 Qxe4 16. Bf3 Qf5 17. Re1 Bd7 18. Be4 Qf6 19. Be3 b6 20. c4 Bf5 21.
Bxf5 Qxf5 22. a4 Ne5 23. Qc1 Qg6 24. Rd1 Nf3+ 25. Kf1 Nh2+ 26. Kg1 Nf3+ 27. Kf1
Nh4 28. Bg5 Qe4 29. f3 Nxf3 30. gxf3 Qxf3+ 31. Kg1 Qg3+ 32. Kh1 Qh3+ 33. Kg1
1/2-1/2

[Event "91st YMCA Spring 2011-C"]
[Site "Warszawa"]
[Date "2011.05.17"]
[Round "9"]
[White "Major, Boguslaw"]
[Black "Koziol, Pawel"]
[Result "0-1"]
[WhiteElo "1811"]
[BlackElo "1814"]
[PlyCount "78"]
[EventDate "2011.04.06"]
[EventType "tourn"]
[EventRounds "1"]
[EventCountry "POL"]
[SourceDate "2011.04.06"]

1. e4 e5 2. Nf3 Nc6 3. Bb5 a6 4. Bxc6 dxc6 5. Nc3 f6 6. h3 Bd6 7. d4 exd4 8.
Qxd4 c5 9. Qd3 Ne7 10. Be3 Be6 11. Rd1 O-O 12. g4 Ng6 13. Nd5 Ne5 14. Nxe5 fxe5
15. c4 Qh4 16. Kd2 Rf3 17. Qf1 Raf8 18. Kd3 b5 19. cxb5 axb5 20. b3 c6 21. Nc3
c4+ 22. Kc2 Bb4 23. Qe1 Ra8 24. Qe2 Rxh3 25. Rxh3 Qxh3 26. f3 Qh4 27. g5 Qh5
28. Qg2 Qf7 29. a4 cxb3+ 30. Kb2 Qe7 31. g6 Bxc3+ 32. Kxc3 Rxa4 33. gxh7+ Kh8
34. Qg6 Qb4+ 35. Kb2 Ra2+ 36. Kb1 Ra1+ 37. Kb2 Qa3+ 38. Kc3 b2+ 39. Kc2 Qb3+
0-1

[Event "91st YMCA Spring 2011-C"]
[Site "Warszawa"]
[Date "2011.06.01"]
[Round "9"]
[White "Wyszomirski, Krzysztof"]
[Black "Krzyzanowski, Antoni"]
[Result "1-0"]
[WhiteElo "1728"]
[BlackElo "1793"]
[PlyCount "93"]
[EventDate "2011.04.06"]
[EventType "tourn"]
[EventRounds "1"]
[EventCountry "POL"]
[SourceDate "2011.04.06"]

1. e4 c5 2. Nf3 d6 3. d4 cxd4 4. Nxd4 Nf6 5. Nc3 a6 6. f3 e5 7. Nb3 Be6 8. Be3
Qc7 9. a4 Be7 10. Nd5 Nxd5 11. exd5 Bc8 12. Bd3 O-O 13. O-O f5 14. c4 Nd7 15.
a5 f4 16. Bf2 g5 17. Nd2 Nc5 18. Be2 Bf5 19. b4 Nd7 20. Nb3 Rae8 21. Rc1 Nf6
22. c5 Qb8 23. Bd3 e4 24. fxe4 Bxe4 25. Bxe4 Nxe4 26. Nd4 Nxf2 27. Rxf2 dxc5
28. bxc5 Qe5 29. Nf3 Qe3 30. d6 Bd8 31. Qd5+ Kh8 32. Re1 Qc3 33. Rfe2 Rxe2 34.
Rxe2 Bxa5 35. Qxg5 Bb4 36. Qe5+ Qxe5 37. Rxe5 Kg8 38. Nd4 a5 39. Kf1 a4 40. Nc2
Bc3 41. Re7 Rd8 42. Rxb7 h6 43. c6 Rxd6 44. c7 Rd1+ 45. Ke2 Rd2+ 46. Kf3 Rd3+
47. Ke4 1-0

[Event "91st YMCA Spring 2011-C"]
[Site "Warszawa"]
[Date "2011.06.08"]
[Round "10"]
[White "Kwiek, Janusz"]
[Black "Krzyzanowski, Antoni"]
[Result "1-0"]
[WhiteElo "1755"]
[BlackElo "1793"]
[PlyCount "71"]
[EventDate "2011.04.06"]
[EventType "tourn"]
[EventRounds "1"]
[EventCountry "POL"]
[SourceDate "2011.04.06"]

1. Nf3 e6 2. d4 d5 3. c4 Nf6 4. e3 b6 5. Nc3 Ba6 6. Ne5 Be7 7. Qa4+ Nfd7 8. Nc6
Nxc6 9. Qxa6 O-O 10. Qa4 Na5 11. cxd5 Bh4 12. g3 Bg5 13. Bg2 e5 14. O-O exd4
15. Qxd4 Bf6 16. Qd1 Nc4 17. Qb3 Nd6 18. Bd2 Re8 19. Rac1 a5 20. Qc2 Nc5 21. b3
g6 22. Ne2 Nde4 23. Rfd1 Bg7 24. Be1 Qd6 25. Nc3 Nxc3 26. Bxc3 Bxc3 27. Qxc3 f5
28. h4 Re5 29. Bf3 Rae8 30. Kg2 R8e7 31. Qc4 Kg7 32. Qf4 Ne4 33. Bxe4 fxe4 34.
Rc6 Rf7 35. Rxd6 Rxf4 36. exf4 1-0

[Event "91st YMCA Spring 2011-C"]
[Site "Warszawa"]
[Date "2011.06.21"]
[Round "10"]
[White "Koziol, Pawel"]
[Black "Wyszomirski, Krzysztof"]
[Result "1-0"]
[WhiteElo "1814"]
[BlackElo "1728"]
[PlyCount "79"]
[EventDate "2011.04.06"]
[EventType "tourn"]
[EventRounds "1"]
[EventCountry "POL"]
[SourceDate "2011.04.06"]

1. e4 e5 2. Nf3 Nc6 3. Bb5 a6 4. Bxc6 dxc6 5. O-O Bd6 6. d3 Ne7 7. Be3 O-O 8.
Nbd2 Bg4 9. h3 Bh5 10. g4 Bg6 11. Nh4 Nd5 12. Nxg6 Nxe3 13. fxe3 hxg6 14. Qe1
Qd7 15. Qh4 f6 16. Rf3 Be7 17. Qg3 Kf7 18. Qxe5 Bd6 19. Qc3 Rh8 20. Kf2 Ke7 21.
Rh1 a5 22. a3 Rh4 23. Nc4 Qe6 24. Nxd6 cxd6 25. b3 a4 26. bxa4 Rah8 27. Qb4 Qd7
28. Rg3 Ke8 29. Kg2 f5 30. Rb1 b5 31. axb5 c5 32. Qa5 fxg4 33. b6 Rxh3 34. Rxh3
gxh3+ 35. Kh2 Qg4 36. Qd2 Qg5 37. b7 Qe5+ 38. Kh1 Kd7 39. Qh2 Qf6 40. Qf4 1-0

[Event "91st YMCA Spring 2011-C"]
[Site "Warszawa"]
[Date "2011.06.08"]
[Round "10"]
[White "Duda, Ryszard"]
[Black "Major, Boguslaw"]
[Result "1/2-1/2"]
[WhiteElo "1769"]
[BlackElo "1811"]
[PlyCount "148"]
[EventDate "2011.04.06"]
[EventType "tourn"]
[EventRounds "1"]
[EventCountry "POL"]
[SourceDate "2011.04.06"]

1. e4 d6 2. d4 Nf6 3. Nc3 g6 4. Nf3 Bg7 5. Be2 O-O 6. O-O c6 7. h3 b5 8. a3 Bb7
9. Be3 a5 10. d5 b4 11. dxc6 Bxc6 12. axb4 axb4 13. Rxa8 Bxa8 14. Nd5 Nxe4 15.
Bb6 Qd7 16. Nxb4 Bxb2 17. Bd4 Nc3 18. Bxc3 Bxc3 19. Nd5 Bxd5 20. Qxd5 Qc6 21.
Qd3 Nd7 22. Rb1 Bf6 23. c4 Nc5 24. Qc2 Ne4 25. Bd3 Nc5 26. Be2 Qe4 27. Qd1 Rd8
28. Rb5 Ra8 29. Rb1 Ra2 30. Bf1 Kg7 31. Rc1 Rb2 32. Qd5 Qxd5 33. cxd5 Ne4 34.
Ne1 Nxf2 35. Rc2 Rxc2 36. Nxc2 Ne4 37. Bc4 Bc3 38. Kh2 Kf6 39. Ne3 Be5+ 40. Kh1
Ng3+ 41. Kg1 Bd4 42. Kh2 Ne4 43. Nc2 Bc5 44. g4 Ke5 45. Ne1 Kd4 46. Ba2 Nd2 47.
Kg2 Kc3 48. Nf3 Kb2 49. Nxd2 Kxa2 50. Kf3 Kb2 51. Ne4 Kb3 52. Ng5 Kc4 53. Ke4
f5+ 54. gxf5 gxf5+ 55. Kxf5 Kxd5 56. Nxh7 e5 57. Nf6+ Kd4 58. h4 d5 59. Nd7 e4
60. h5 e3 61. h6 e2 62. h7 e1=Q 63. h8=Q+ Kc4 64. Ne5+ Kb3 65. Qh3+ Ka4 66.
Qg4+ d4 67. Qe4 Qf2+ 68. Qf3 Qc2+ 69. Qd3 Qc3 70. Ke4 Kb3 71. Qb1+ Ka4 72. Nd3
Bb4 73. Qxb4+ Qxb4 74. Nxb4 Kb5 1/2-1/2

[Event "91st YMCA Spring 2011-C"]
[Site "Warszawa"]
[Date "2011.06.08"]
[Round "10"]
[White "Pastuszko, Kinga"]
[Black "Palka, Dominika"]
[Result "1-0"]
[WhiteElo "1804"]
[BlackElo "1766"]
[PlyCount "117"]
[EventDate "2011.04.06"]
[EventType "tourn"]
[EventRounds "1"]
[EventCountry "POL"]
[SourceDate "2011.04.06"]

1. e4 e5 2. Nf3 Nc6 3. d4 exd4 4. Bc4 Nf6 5. e5 d5 6. Bb5 Ne4 7. Nxd4 Bc5 8.
O-O Bd7 9. Bxc6 bxc6 10. f3 Ng5 11. f4 Ne4 12. Be3 Bb6 13. Nd2 Nxd2 14. Qxd2 c5
15. Nf3 d4 16. Bf2 Bb5 17. Rfe1 Qd7 18. e6 fxe6 19. Ne5 Qd5 20. a4 Bc6 21. Nxc6
Qxc6 22. a5 O-O 23. axb6 axb6 24. Bg3 Rad8 25. Re5 c4 26. Rae1 c3 27. Qd3 cxb2
28. Rb5 Qc3 29. Rb3 Qa5 30. Rb1 Qf5 31. R3xb2 Rd5 32. Rb5 Rxb5 33. Rxb5 Qxd3
34. cxd3 Ra8 35. Kf2 Ra3 36. Ke2 Ra2+ 37. Kf3 Rd2 38. Rb3 Kf7 39. Bf2 c5 40.
Be1 Ra2 41. Rxb6 Ra3 42. Ke2 Ra2+ 43. Bd2 Ra1 44. Rb5 Rg1 45. Kf2 Rd1 46. Ke2
Rg1 47. Kf3 Rf1+ 48. Kg3 Rd1 49. Rb2 Kf6 50. Kf3 h5 51. Ke4 Rg1 52. Ba5 Ra1 53.
Bd8+ Kg6 54. Bh4 Rc1 55. Rb6 Kf7 56. Rb7+ Kf8 57. Rc7 Rc2 58. Be7+ Ke8 59. Bxc5
1-0

[Event "91st YMCA Spring 2011-C"]
[Site "Warszawa"]
[Date "2011.06.20"]
[Round "10"]
[White "Wrabel, Antoni"]
[Black "Jarmolowski, Tadeusz"]
[Result "1/2-1/2"]
[WhiteElo "1751"]
[BlackElo "1723"]
[Annotator "M"]
[PlyCount "50"]
[EventDate "2011.04.06"]
[EventType "tourn"]
[EventRounds "1"]
[EventCountry "POL"]
[SourceDate "2011.04.06"]

1. e4 d5 2. exd5 Qxd5 3. Nc3 Qd6 4. d4 Nf6 5. Nf3 a6 6. g3 Bg4 7. Bg2 Nc6 8.
O-O O-O-O 9. Be3 e6 10. a3 Be7 11. b4 Nd5 12. Ne4 Qd7 13. c4 Nxe3 14. fxe3 f5
15. Nf2 Bxf3 16. Qxf3 g5 17. b5 axb5 18. cxb5 Na5 19. a4 Qd5 20. Qxd5 exd5 21.
Nd3 Nc4 22. Rae1 Rhf8 23. Rf2 h5 24. Rc2 c6 25. Bh3 Kc7 $11 1/2-1/2

[Event "91st YMCA Spring 2011-C"]
[Site "Warszawa"]
[Date "2011.05.26"]
[Round "10"]
[White "Wilczynski, Adam"]
[Black "Szukalski, Antoni"]
[Result "1-0"]
[WhiteElo "1768"]
[BlackElo "1815"]
[PlyCount "41"]
[EventDate "2011.04.06"]
[EventType "tourn"]
[EventRounds "1"]
[EventCountry "POL"]
[SourceDate "2011.04.06"]

1. c4 e5 2. g3 c6 3. d4 exd4 4. Qxd4 Nf6 5. Nc3 d5 6. Bg2 Be6 7. cxd5 Nxd5 8.
Nxd5 cxd5 9. Nf3 Nc6 10. Qa4 Bb4+ 11. Bd2 Bxd2+ 12. Nxd2 O-O 13. O-O f5 14. Nf3
Qf6 15. e3 Rac8 16. b4 a6 17. b5 axb5 18. Qxb5 Qf7 19. Ng5 Na7 20. Qd3 Qf6 21.
Nxe6 1-0

[Event "91st YMCA Spring 2011-C"]
[Site "Warszawa"]
[Date "2011.06.10"]
[Round "10"]
[White "Wroblewski, Szymon"]
[Black "Kowalik, Pawel"]
[Result "1/2-1/2"]
[WhiteElo "1831"]
[BlackElo "1735"]
[Annotator "M"]
[PlyCount "59"]
[EventDate "2011.04.06"]
[EventType "tourn"]
[EventRounds "1"]
[EventCountry "POL"]
[SourceDate "2011.04.06"]

1. e4 e5 2. Nf3 Nc6 3. d4 exd4 4. Nxd4 Qh4 5. Nc3 Bb4 6. Ndb5 Ba5 7. Be2 a6 8.
Nd4 Qxe4 9. Nxc6 Bxc3+ 10. bxc3 Qxc6 11. O-O Ne7 12. Re1 O-O 13. Rb1 d5 14. Ba3
Re8 15. Bf3 Be6 16. Bxe7 Rxe7 17. Bxd5 Bxd5 18. Rxe7 Bxa2 19. Rb4 Be6 20. Rd4
Kf8 21. Rd8+ Kxe7 22. Rxa8 Qd5 23. Qe1 g6 24. h3 h5 25. Qc1 Kd7 26. Qe1 Qf5 27.
Qd1+ Qd5 28. Qe1 Qc5 29. Qd2+ Qd5 30. Qe1 $11 1/2-1/2

[Event "91st YMCA Spring 2011-C"]
[Site "Warszawa"]
[Date "2011.06.17"]
[Round "11"]
[White "Kowalik, Pawel"]
[Black "Kwiek, Janusz"]
[Result "0-1"]
[WhiteElo "1735"]
[BlackElo "1755"]
[PlyCount "104"]
[EventDate "2011.04.06"]
[EventType "tourn"]
[EventRounds "1"]
[EventCountry "POL"]
[SourceDate "2011.04.06"]

1. d4 Nf6 2. c4 e6 3. Nc3 d5 4. Bg5 Be7 5. cxd5 exd5 6. e3 O-O 7. Nf3 Be6 8.
Bd3 h6 9. Bh4 Nc6 10. O-O Nd7 11. Bxe7 Nxe7 12. b4 a6 13. Qb3 c6 14. a4 Bf5 15.
Bxf5 Nxf5 16. b5 axb5 17. axb5 Qb6 18. Rab1 Qa5 19. bxc6 bxc6 20. g4 Rfb8 21.
Qc2 Nd6 22. Rxb8+ Rxb8 23. Rb1 Rxb1+ 24. Nxb1 Qb6 25. Nbd2 c5 26. dxc5 Nxc5 27.
Nd4 Nde4 28. f3 Nxd2 29. Qxd2 Qb1+ 30. Kg2 Nd3 31. Nc2 Qb3 32. Ne1 Ne5 33. Kf2
Nc4 34. Qd3 Qb2+ 35. Qe2 Qe5 36. f4 Qf6 37. Kg3 Nd6 38. Nf3 Ne4+ 39. Kh3 g5 40.
f5 h5 41. Nd4 hxg4+ 42. Kg2 Qb6 43. Qxg4 Qb2+ 44. Qe2 Qxe2+ 45. Nxe2 Kg7 46.
Kf3 Kf6 47. Nd4 Nd2+ 48. Ke2 Nc4 49. Kf3 Ke5 50. Kg4 Nxe3+ 51. Kxg5 Kxd4 52.
Kf6 Ke4 0-1

[Event "91st YMCA Spring 2011-C"]
[Site "Warszawa"]
[Date "2011.06.17"]
[Round "11"]
[White "Jarmolowski, Tadeusz"]
[Black "Wilczynski, Adam"]
[Result "1/2-1/2"]
[WhiteElo "1723"]
[BlackElo "1768"]
[PlyCount "125"]
[EventDate "2011.04.06"]
[EventType "tourn"]
[EventRounds "1"]
[EventCountry "POL"]
[SourceDate "2011.04.06"]

1. e4 c5 2. c3 Nf6 3. e5 Nd5 4. d4 cxd4 5. Qxd4 e6 6. Bc4 Nc6 7. Qe4 Nde7 8.
Bf4 Ng6 9. Bg3 d5 10. exd6 Bxd6 11. Bxd6 Qxd6 12. Nf3 Bd7 13. Na3 a6 14. Rd1
Qc7 15. O-O Na5 16. Be2 Bc6 17. Qg4 Qf4 18. Rd4 Qxg4 19. Rxg4 Bd7 20. Rd4 Nc6
21. Rd2 Nf4 22. Bc4 Na5 23. Rfd1 Bc6 24. Bf1 Bxf3 25. gxf3 Nd5 26. Nc4 Nxc4 27.
Bxc4 Nf6 28. a4 Ke7 29. a5 Rac8 30. b3 Rc5 31. Ra2 Rhc8 32. Ra4 Rg5+ 33. Kh1
Rcc5 34. Rb4 Rc7 35. Ra1 Nd5 36. Bxd5 Rxd5 37. c4 Rd4 38. Rb6 Rd6 39. Rb4 Rdc6
40. Kg2 Rd7 41. f4 g6 42. Ra2 Rc5 43. Rb6 Kd8 44. f3 Kc7 45. Kf2 Rd1 46. Rb4
Rd6 47. Ke3 Rf5 48. Ra1 Rh5 49. Ra2 Rd1 50. Rb6 Rh1 51. b4 R5xh2 52. Ra3 Rd1
53. c5 Rc2 54. b5 axb5 55. Rxb5 Rd5 56. Rab3 Rdxc5 57. Rxb7+ Kd8 58. Rxf7 R2c3+
59. Rxc3 Rxc3+ 60. Ke4 Ra3 61. Rxh7 Rxa5 62. Rg7 Ke8 63. Rxg6 1/2-1/2

[Event "91st YMCA Spring 2011-C"]
[Site "Warszawa"]
[Date "2011.06.03"]
[Round "11"]
[White "Palka, Dominika"]
[Black "Wrabel, Antoni"]
[Result "1/2-1/2"]
[WhiteElo "1766"]
[BlackElo "1751"]
[Annotator "M"]
[PlyCount "56"]
[EventDate "2011.04.06"]
[EventType "tourn"]
[EventRounds "1"]
[EventCountry "POL"]
[SourceDate "2011.04.06"]

1. d4 Nf6 2. c4 e6 3. Nc3 Bb4 4. e3 c5 5. a3 Ba5 6. d5 Ne4 7. Qc2 Nxc3 8. bxc3
O-O 9. Nf3 Qf6 10. Bd2 d6 11. Bd3 h6 12. O-O Nd7 13. Rab1 Bc7 14. a4 b6 15. e4
e5 $11 16. Ne1 g5 17. Qd1 Qg7 18. Nc2 Nf6 19. Ne3 Bd7 20. Bc2 Rab8 21. Nf5 Bxf5
22. exf5 Rfe8 23. Re1 Re7 24. Be4 Bd8 25. Qf3 Reb7 26. Qg3 a6 27. Qd3 Ne8 28.
Qe2 Nf6 $11 1/2-1/2